[Event "Muensterland Verbandsklasse-B 0405"]
[Site "Muensterland"]
[Date "2005.02.12"]
[Round "6.7"]
[White "Mummel, Christian"]
[Black "Buecken, Dieter"]
[Result "1/2-1/2"]
[WhiteElo "1704"]
[BlackElo "1763"]
[PlyCount "85"]
[EventDate "2004.09.11"]
[EventType "team"]
[EventRounds "9"]
[EventCountry "GER"]
[SourceTitle "EXT 2006"]
[Source "ChessBase"]
[SourceDate "2005.11.24"]
[SourceVersion "1"]
[SourceVersionDate "2005.11.24"]
[SourceQuality "1"]
[WhiteTeam "Raesfeld Erle"]
[BlackTeam "Duelmen"]
[WhiteTeamCountry "GER"]
[BlackTeamCountry "GER"]

1. c4 c6 2. Nf3 Nf6 3. g3 g6 4. Bg2 Bg7 5. 0-0 0-0 6. Nc3 d5 7. cxd5 Nxd5 8. d4 Bg4 9. Nxd5 cxd5 10. Ne5 Bxe5 11. dxe5 Be6 12. Bh6 Re8 13. Rc1 Nc6 14. a3 Qd7 15. Re1 Nxe5 16. Qd4 f6 17. Red1 Nc6 18. Qc5 Rad8 19. b4 a6 20. Rc2 Bf7 21. Rcd2 e6 22. Qc3 Qe7 23. Be3 Rd7 24. Bc5 Qd8 25. e4 Kg7 26. Bh3 d4 27. Bxd4 Nxd4 28. Rxd4 Qc7 29. Qd3 Rxd4 30. Qxd4 e5 31. Qd7 Re7 32. Qxc7 Rxc7 33. Rd7 Rxd7 34. Bxd7 Bc4 35. Bc8 b6 36. f3 Kf7 37. Kf2 Ke7 38. Ke3 Kd6 39. Bb7 Bb5 40. Bd5 Bc6 41. Bg8 h6 42. Bf7 g5 43. Bc4 1/2-1/2

[Event "Muensterland Verbandsklasse-B 0405"]
[Site "Muensterland"]
[Date "2004.10.02"]
[Round "2.6"]
[White "Buecken, Dieter"]
[Black "Weskamp, Matthias"]
[Result "0-1"]
[WhiteElo "1763"]
[BlackElo "1679"]
[PlyCount "40"]
[EventDate "2004.09.11"]
[EventType "team"]
[EventRounds "9"]
[EventCountry "GER"]
[SourceTitle "EXT 2006"]
[Source "ChessBase"]
[SourceDate "2005.11.24"]
[SourceVersion "1"]
[SourceVersionDate "2005.11.24"]
[SourceQuality "1"]
[WhiteTeam "Duelmen"]
[BlackTeam "Westbevern II"]
[WhiteTeamCountry "GER"]
[BlackTeamCountry "GER"]

1. c4 e6 2. d4 d5 3. e3 c6 4. Nf3 Nf6 5. Nc3 Bd6 6. Bd3 Nbd7 7. Nd2 e5 8. cxd5 exd4 9. exd4 Qe7+ 10. Qe2 Qxe2+ 11. Bxe2 Nxd5 12. Nxd5 cxd5 13. 0-0 0-0 14. Bf3 Nf6 15. Nb1 h6 16. Nc3 Be6 17. g4 Bxg4 18. Bxd5 Nxd5 19. Nxd5 Bf3 20. Re1 Bxd5 0-1

[Event "Muensterland Verbandsklasse-B 0304"]
[Site "Germany"]
[Date "2004.01.17"]
[Round "5.8"]
[White "Buecken, Dieter"]
[Black "Spoeler, Gerd"]
[Result "0-1"]
[WhiteElo "1788"]
[BlackElo "1634"]
[PlyCount "104"]
[EventDate "2003.09.20"]
[EventType "team"]
[EventRounds "9"]
[EventCountry "GER"]
[SourceTitle "EXT 2005"]
[Source "ChessBase"]
[SourceDate "2004.11.15"]
[SourceVersion "1"]
[SourceVersionDate "2004.11.15"]
[SourceQuality "1"]
[WhiteTeam "Duelmen"]
[BlackTeam "Heiden"]
[WhiteTeamCountry "GER"]
[BlackTeamCountry "GER"]

1. c4 e6 2. g3 c6 3. Bg2 d5 4. b3 Nf6 5. Bb2 Nbd7 6. Nf3 Nb6 7. Qc2 Be7 8. 0-0 0-0 9. Ne5 Nfd7 10. f4 f5 11. Nf3 Nf6 12. d3 Ng4 13. Qc1 Bc5+ 14. d4 Be7 15. c5 Nd7 16. h3 Ngf6 17. Ng5 Nb8 18. Nd2 Nh5 19. Nxh7 Kxh7 20. g4 fxg4 21. Qc2+ g6 22. hxg4 Nxf4 23. Nf3 Nd7 24. e3 Nxg2 25. Kxg2 Kg7 26. e4 Nf6 27. e5 Ne4 28. Nd2 Rxf1 29. Rxf1 Nxd2 30. Qxd2 Bg5 31. Qf2 Qe7 32. Bc3 Bd7 33. Bd2 Bxd2 34. Qxd2 Rh8 35. Rf6 Be8 36. Qf4 Kg8 37. b4 Bf7 38. a4 Qf8 39. Kg1 Qg7 40. b5 Qh7 41. Qf3 Qh2+ 42. Kf1 Qh1+ 43. Qxh1 Rxh1+ 44. Ke2 cxb5 45. axb5 Rb1 46. c6 bxc6 47. bxc6 Rc1 48. Rf3 Rxc6 49. Ra3 g5 50. Rxa7 Rc4 51. Ke3 Rc3+ 52. Ke2 Rg3 0-1

[Event "Muensterland Verbandsklasse-B 0203"]
[Site "Muensterland"]
[Date "2002.11.09"]
[Round "2.8"]
[White "Buecken, Dieter"]
[Black "Boenigk, Winfried"]
[Result "1/2-1/2"]
[WhiteElo "1746"]
[BlackElo "1763"]
[PlyCount "72"]
[EventDate "2002.09.28"]
[EventType "team"]
[EventRounds "9"]
[EventCountry "GER"]
[SourceTitle "EXT 2004"]
[Source "ChessBase"]
[SourceDate "2003.11.25"]
[SourceVersion "1"]
[SourceVersionDate "2003.11.25"]
[SourceQuality "1"]
[WhiteTeam "Duelmen"]
[BlackTeam "Olfen"]
[WhiteTeamCountry "GER"]
[BlackTeamCountry "GER"]

1. c4 Nf6 2. g3 g6 3. Bg2 Bg7 4. Nc3 0-0 5. d4 d6 6. Nf3 Nc6 7. 0-0 e5 8. d5 Ne7 9. e4 Ne8 10. b4 f5 11. Ng5 Rb8 12. Rb1 h6 13. Ne6 Bxe6 14. dxe6 Qc8 15. exf5 gxf5 16. Nd5 Qxe6 17. Re1 c6 18. Nxe7+ Qxe7 19. b5 c5 20. Bb2 Nf6 21. Bd5+ Kh8 22. Qf3 Nd7 23. Bxb7 e4 24. Bd5 Bxb2 25. Rxb2 Qg7 26. Qe2 Ne5 27. Rb3 Nf3+ 28. Rxf3 exf3 29. Qxf3 f4 30. Qe4 fxg3 31. hxg3 Rf6 32. Kg2 Rbf8 33. Re2 Rf5 34. Qe6 R5f6 35. Qe4 Rf5 36. Qe6 R5f6 1/2-1/2